Κώδικας αεροπορικού δικαίου : και σχετικές διατάξεις και διεθνείς συμβάσεις
Αποθηκεύτηκε σε:
| Κύριος συγγραφέας: | |
|---|---|
| Άλλοι συγγραφείς: | |
| Μορφή: | Βιβλίο |
| Γλώσσα: | Greek |
| Δημοσίευση: |
Αθήνα : Κομοτηνή :
Αντ. Ν. Σάκκουλα,
1995
|
| Θέματα: | |
| Ετικέτες: |
Προσθήκη ετικέτας
Δεν υπάρχουν, Καταχωρήστε ετικέτα πρώτοι!
|
MARC
| LEADER | 00000cam a2200000 i 4500 | ||
|---|---|---|---|
| 001 | 1/11201 | ||
| 008 | 000908s1995 gre d | ||
| 020 | |a 960-232-285-3 | ||
| 035 | |l 10063741 | ||
| 040 | |a GR-MY-UA |b gre |e aacr | ||
| 041 | 0 | |a gre | |
| 082 | 0 | |a 343.097 | |
| 100 | 1 | |a Αντάπασης, Αντώνιος Μ. | |
| 245 | 1 | 0 | |a Κώδικας αεροπορικού δικαίου : |b και σχετικές διατάξεις και διεθνείς συμβάσεις / |c Αντώνη Μ. Αντάπαση, Άγγελου Σ. Γιόκαρη |
| 260 | |a Αθήνα : |a Κομοτηνή : |b Αντ. Ν. Σάκκουλα, |c 1995 | ||
| 300 | |a 617 σ.; |c 21 cm | ||
| 504 | |a Περιέχει ευρετήριο | ||
| 650 | 0 | 0 | |a Aeronautics, Commercial |x Law and legislation |x History |y 20th century. |
| 700 | 1 | |a Γιόκαρης, Άγγελος Σ. | |
| 852 | |a INST |b CHIOS |e 20000908 |h 343.097 ΑΝΤ |p 005200018054 |q 005200018054 |t BK |y 0 | ||
| 901 | |a BIBL2-2000-3 | ||
| 909 | |a Χ |b 075992 | ||
| 970 | |z 2000/09/ΣΟΦΙΑ | ||